000 00569cab a2200193 4500
001 WB2820-18
008 090401t1992 xxu||||| |||| 00| 0 eng d
035 _a(Sirsi) u12747
041 _aeng
245 _aLethal cocktail
260 _c1992
350 _a0
490 _aIndependent
_v18 May 1992, 12(1)
520 _aDescribes the problems of methane gas and disasters that have occured for which it was to blame including the recent one in Mexico.
650 _aEXPLOSIONS
690 _aENVIRONMENTAL AND LAND CONSULTANCY
942 _n0
948 _c04/03/1997
999 _c8164
_d8164